00362nam a2200133Ia 450000500170000000800410001702000180005808200200007610000280009624500410012426000270016530000120019265000240020420250117094730.0231217s9999 xx 000 0 und d a9788131408575 a658.3 SAN;1 R aSanjeev Kumar Singh ed. 0aGlobal HR : practices and challenges c2007bIcfaiaHyderabad axi, 215 aGlobal,HR,practices